[Event "RSA-chT Regions"]
[Site "Cape Town"]
[Date "2016.01.10"]
[Round "6.1"]
[White "Harris, David"]
[Black "Makhubela, Linda"]
[Result "0-1"]
[WhiteElo "1160"]
[BlackElo "1586"]
[PlyCount "40"]
[EventDate "2016.01.08"]
[EventType "team-swiss"]
[EventRounds "7"]
[EventCountry "RSA"]
[SourceTitle "CBM 170 Extra"]
[Source "ChessBase"]
[SourceDate "2016.02.25"]
[SourceVersion "1"]
[SourceVersionDate "2016.02.25"]
[SourceQuality "1"]
[WhiteTeam "Boland"]
[BlackTeam "Johannesburg Metro II"]
[WhiteTeamCountry "RSA"]
[BlackTeamCountry "RSA"]

1. Nf3 g6 2. c4 Bg7 3. Nc3 c5 4. b3 Nf6 5. Bb2 b6 6. g3 Bb7 7. Rb1 Bxf3 8. exf3 0-0 9. Bg2 Nc6 10. 0-0 Rc8 11. Re1 e6 12. Nb5 d5 13. Bf1 a6 14. cxd5 exd5 15. Nc3 b5 16. Bg2 Qd6 17. Ne2 Rfe8 18. Rc1 Nb4 19. Ra1 Nd3 20. Rf1 Nxb2 0-1

[Event "Eastern Class-ch"]
[Site "Sturbridge"]
[Date "2009.03.08"]
[Round "5"]
[White "Harris, David"]
[Black "Meredith, Matthew"]
[Result "1-0"]
[WhiteElo "2081"]
[BlackElo "2033"]
[PlyCount "61"]
[EventDate "2009.03.06"]
[EventType "swiss"]
[EventRounds "5"]
[EventCountry "USA"]
[SourceTitle "CBM 129 Extra"]
[Source "ChessBase"]
[SourceDate "2009.05.05"]
[SourceVersion "2"]
[SourceVersionDate "2009.05.20"]
[SourceQuality "1"]

1. e4 c5 2. Nf3 a6 3. d4 cxd4 4. Nxd4 Nf6 5. Nc3 e5 6. Nf3 Bb4 7. Bc4 Qc7 8. Qd3 d6 9. Bd2 Nbd7 10. 0-0 Nc5 11. Qe2 Bxc3 12. Bxc3 Ncxe4 13. Bb4 0-0 14. Rad1 Rd8 15. h3 Qb6 16. Qe1 a5 17. Ba3 Ng3 18. Nxe5 d5 19. Nxf7 Re8 20. Rxd5 Be6 21. Rd6 Bxc4 22. Rxb6 Rxe1 23. Rxe1 Ne2+ 24. Rxe2 Bxe2 25. Rxb7 Ba6 26. Re7 Bc4 27. Nd6 Bxa2 28. Nf5 g6 29. Nh6+ Kh8 30. b3 Bb1 31. Bb2 1-0

[Event "New York State-ch 129th"]
[Site "New York"]
[Date "2007.09.03"]
[Round "6"]
[White "Harris, David"]
[Black "Aaron, Deepak"]
[Result "1-0"]
[WhiteElo "2140"]
[BlackElo "2043"]
[PlyCount "95"]
[EventDate "2007.09.01"]
[EventType "swiss"]
[EventRounds "6"]
[EventCountry "USA"]
[SourceTitle "CBM 120 Extra"]
[Source "ChessBase"]
[SourceDate "2007.11.01"]
[SourceVersion "1"]
[SourceVersionDate "2007.11.01"]
[SourceQuality "1"]

1. e4 e5 2. Bc4 Nc6 3. Nf3 Bc5 4. c3 d6 5. d4 exd4 6. cxd4 Bb4+ 7. Nc3 Nf6 8. d5 Bxc3+ 9. bxc3 Ne7 10. 0-0 0-0 11. Re1 Bg4 12. h3 Bh5 13. Bg5 Nd7 14. Be2 f6 15. Be3 Bxf3 16. Bxf3 Ne5 17. Be2 f5 18. Bg5 f4 19. Bg4 h6 20. Be6+ Kh7 21. Rb1 f3 22. Bxe7 Qxe7 23. g3 Qg5 24. Rxb7 Qh5 25. Re3 Rf6 26. Qf1 Raf8 27. c4 Ng6 28. Bf5 Rxf5 29. exf5 Qxf5 30. Kh2 Qc2 31. Rbb3 Qxa2 32. Rxf3 Re8 33. Ra3 Qd2 34. Rad3 Qg5 35. Rd1 Ne5 36. Rf4 Qh5 37. Kg2 g5 38. g4 Qh4 39. Re4 Rf8 40. Rxe5 dxe5 41. Qd3+ Kg7 42. f3 Rf4 43. Qc3 Kf7 44. Qxe5 Rxc4 45. Qf5+ Ke7 46. d6+ cxd6 47. Qh7+ Ke8 48. Rb1 1-0

[Event "Eastern Class-ch"]
[Site "Sturbridge"]
[Date "2007.03.10"]
[Round "3"]
[White "Harris, David"]
[Black "Vertkin, Sergey"]
[Result "0-1"]
[WhiteElo "2141"]
[BlackElo "2205"]
[PlyCount "88"]
[EventDate "2007.03.09"]
[EventType "swiss"]
[EventRounds "5"]
[EventCountry "USA"]
[SourceTitle "CBM 117 Extra"]
[Source "ChessBase"]
[SourceDate "2007.05.09"]
[SourceVersion "1"]
[SourceVersionDate "2007.05.09"]
[SourceQuality "1"]

1. e4 c5 2. Nf3 Nf6 3. Nc3 d5 4. e5 Ne4 5. Bb5+ Nc6 6. Ne2 Qa5 7. Bxc6+ bxc6 8. 0-0 c4 9. d3 cxd3 10. cxd3 Nc5 11. d4 Ne6 12. Nd2 Ba6 13. Nb3 Qb6 14. Re1 g6 15. Nc3 Bc4 16. Be3 Bg7 17. Na4 Bxb3 18. axb3 Qb7 19. Qc2 0-0 20. Nc5 Nxc5 21. Qxc5 e6 22. b4 Rfb8 23. Rec1 Bf8 24. Qxc6 Qxb4 25. h4 Qxb2 26. Qa6 Rb6 27. Qd3 Qb5 28. Qd1 a5 29. h5 Bb4 30. Qf3 Qd3 31. hxg6 hxg6 32. Rc7 Qf5 33. Qd1 Qh5 34. g4 Qh3 35. Rac1 Rbb8 36. R1c2 a4 37. f3 a3 38. Rh2 Qg3+ 39. Rg2 Qe1+ 40. Qxe1 Bxe1 41. Rc1 a2 42. Ra1 Rb3 43. Bg5 Rb1 44. Rgxa2 Rxa1 0-1

[Event "US Masters op"]
[Site "Hendersonville"]
[Date "2006.03.19"]
[Round "8"]
[White "Kobernat, Alan"]
[Black "Harris, David"]
[Result "1-0"]
[WhiteElo "2101"]
[BlackElo "2185"]
[PlyCount "33"]
[EventDate "2006.03.11"]
[EventType "swiss"]
[EventRounds "9"]
[EventCountry "USA"]
[SourceTitle "EXT 2007"]
[Source "ChessBase"]
[SourceDate "2006.11.23"]
[SourceVersion "1"]
[SourceVersionDate "2006.11.23"]
[SourceQuality "1"]

1. e4 c5 2. d4 cxd4 3. c3 dxc3 4. Nxc3 Nc6 5. Nf3 e6 6. Bc4 Qc7 7. 0-0 Nf6 8. Nb5 Qb8 9. e5 Nxe5 10. Bf4 Nxf3+ 11. Qxf3 d6 12. Rad1 e5 13. Bg5 Be7 14. Bxf6 gxf6 15. Nxd6+ Bxd6 16. Qxf6 Be6 17. Bxe6 1-0

[Event "US Masters op"]
[Site "Hendersonville"]
[Date "2006.03.11"]
[Round "2"]
[White "Lopez, Noberto"]
[Black "Harris, David"]
[Result "1-0"]
[WhiteElo "2242"]
[BlackElo "2185"]
[PlyCount "117"]
[EventDate "2006.03.11"]
[EventType "swiss"]
[EventRounds "9"]
[EventCountry "USA"]
[SourceTitle "EXT 2007"]
[Source "ChessBase"]
[SourceDate "2006.11.23"]
[SourceVersion "1"]
[SourceVersionDate "2006.11.23"]
[SourceQuality "1"]

1. e4 c5 2. Nf3 Nf6 3. Nc3 Nc6 4. d4 cxd4 5. Nxd4 d6 6. Be2 Nxd4 7. Qxd4 g6 8. Be3 Bg7 9. f3 0-0 10. Qd2 Be6 11. g4 Qa5 12. Bh6 Rfc8 13. Bxg7 Kxg7 14. h4 h5 15. g5 Nd7 16. f4 Qb4 17. 0-0-0 Nb6 18. a3 Qc5 19. f5 gxf5 20. exf5 Bxf5 21. Bxh5 Nc4 22. Qe2 Qe3+ 23. Qxe3 Nxe3 24. Rde1 Rxc3 25. bxc3 Nd5 26. c4 Nf4 27. Bf3 Rc8 28. Rxe7 Rxc4 29. Bd1 Ng6 30. Re8 Nxh4 31. Kb2 Ng6 32. Rd8 d5 33. c3 Rf4 34. Rh2 Ne5 35. Bc2 Nf3 36. Rhh8 Nxg5 37. Rhg8+ Kf6 38. Rxd5 Bxc2 39. Kxc2 Ne6 40. Rb8 b6 41. Rb7 Nc5 42. Rxa7 Ke6 43. Rd4 Rf2+ 44. Rd2 Rf3 45. Ra8 f5 46. Re8+ Kf7 47. Rb8 Na4 48. Rd6 Rxc3+ 49. Kd2 Rc7 50. Rh8 Kg7 51. Rdh6 Rc3 52. R8h7+ Kg8 53. Ra7 Rxa3 54. Rd6 Ra2+ 55. Ke1 Ra1+ 56. Kf2 Ra2+ 57. Kg3 f4+ 58. Kh3 Ra3+ 59. Kh4 1-0

[Event "MetroWest CC May op"]
[Site "Natick"]
[Date "2004.??.??"]
[Round "2"]
[White "Einsidler, Israel"]
[Black "Harris, David"]
[Result "0-1"]
[WhiteElo "1980"]
[BlackElo "2175"]
[PlyCount "54"]
[EventDate "2004.??.??"]
[EventType "swiss"]
[EventRounds "4"]
[EventCountry "USA"]
[SourceTitle "EXT 2007"]
[Source "ChessBase"]
[SourceDate "2006.11.23"]
[SourceVersion "1"]
[SourceVersionDate "2006.11.23"]
[SourceQuality "1"]

1. c4 g5 2. d4 h6 3. Nc3 Bg7 4. e4 c5 5. d5 d6 6. Nge2 Nd7 7. Ng3 Be5 8. Be2 Nf8 9. 0-0 Ng6 10. Bh5 Nf4 11. Bxf4 gxf4 12. Nf5 Bxf5 13. exf5 Nf6 14. Qa4+ Kf8 15. Bf3 Qc8 16. Qc2 Rg8 17. Rfe1 Rg5 18. h4 Qxf5 19. Qb3 Rg8 20. Qxb7 Re8 21. Qb3 Qh3 22. Ne4 Qxh4 23. Nxf6 Qxf6 24. Re2 h5 25. Bxh5 Qh4 26. Rxe5 dxe5 27. Qd1 Rh8 0-1

[Event "MetroWest CC Fall op"]
[Site "Natick"]
[Date "2004.??.??"]
[Round "1"]
[White "Epp, Edward"]
[Black "Harris, David"]
[Result "0-1"]
[WhiteElo "2020"]
[BlackElo "2155"]
[PlyCount "36"]
[EventDate "2004.??.??"]
[EventType "swiss"]
[EventRounds "5"]
[EventCountry "USA"]
[SourceTitle "EXT 2007"]
[Source "ChessBase"]
[SourceDate "2006.11.23"]
[SourceVersion "1"]
[SourceVersionDate "2006.11.23"]
[SourceQuality "1"]

1. Nf3 h6 2. d4 g5 3. e4 Bg7 4. h3 c5 5. Nc3 cxd4 6. Nxd4 Nc6 7. Nxc6 bxc6 8. Bc4 Qa5 9. Qf3 Nf6 10. 0-0 Bb7 11. b4 Qe5 12. Bd2 h5 13. Qg3 Qxg3 14. fxg3 d5 15. exd5 Nxd5 16. Rf3 g4 17. Bxd5 cxd5 18. Rff1 Rc8 0-1

[Event "MetroWest CC May op"]
[Site "Natick"]
[Date "2004.??.??"]
[Round "3"]
[White "Harris, David"]
[Black "Cousin, Neil B"]
[Result "1/2-1/2"]
[WhiteElo "2175"]
[BlackElo "1850"]
[PlyCount "47"]
[EventDate "2004.??.??"]
[EventType "swiss"]
[EventRounds "4"]
[EventCountry "USA"]
[SourceTitle "EXT 2007"]
[Source "ChessBase"]
[SourceDate "2006.11.23"]
[SourceVersion "1"]
[SourceVersionDate "2006.11.23"]
[SourceQuality "1"]

1. e4 c6 2. d4 d5 3. e5 Bf5 4. Ne2 e6 5. Ng3 Ne7 6. a3 c5 7. dxc5 Qc7 8. Bb5+ Nbc6 9. 0-0 Qxe5 10. Re1 Qf6 11. Nh5 Qg6 12. Nf4 Qf6 13. c3 g5 14. Bxc6+ bxc6 15. Nh5 Qg6 16. Qd4 Bxb1 17. Rxb1 Qxb1 18. Nf6+ Kd8 19. Qb4 Bg7 20. Qa5+ Kc8 21. Qa6+ Kd8 22. Qa5+ Kc8 23. Qa6+ Kd8 24. Qa5+ 1/2-1/2

[Event "MetroWest CC Late Summer op"]
[Site "Natick"]
[Date "2004.??.??"]
[Round "5"]
[White "Michael, William G"]
[Black "Harris, David"]
[Result "0-1"]
[WhiteElo "1795"]
[BlackElo "2155"]
[PlyCount "92"]
[EventDate "2004.??.??"]
[EventType "swiss"]
[EventRounds "5"]
[EventCountry "USA"]
[SourceTitle "EXT 2007"]
[Source "ChessBase"]
[SourceDate "2006.11.23"]
[SourceVersion "1"]
[SourceVersionDate "2006.11.23"]
[SourceQuality "1"]

1. e4 c5 2. Nc3 Nc6 3. f4 e6 4. Nf3 a6 5. Be2 b5 6. a3 b4 7. axb4 cxb4 8. Na4 Nf6 9. d3 d5 10. e5 Nd7 11. d4 Be7 12. 0-0 a5 13. c3 0-0 14. Bd3 Ba6 15. Bxa6 Rxa6 16. Qd3 Ra8 17. f5 exf5 18. Qxf5 g6 19. Qf4 f6 20. e6 Nb6 21. Nxb6 Qxb6 22. Qh4 a4 23. Bh6 a3 24. Bxf8 Rxf8 25. cxb4 axb2 26. Rab1 Qxb4 27. Qf2 Rb8 28. Rfd1 Na5 29. Rd2 Nc4 30. Re2 Qa3 31. Ree1 Qa2 32. Ne5 Nxe5 33. dxe5 f5 34. Qc2 Qa5 35. Re2 Ba3 36. Qc6 Qb6+ 37. Qxb6 Rxb6 38. Rc2 d4 39. Rc8+ Kg7 40. Rc7+ Kf8 41. Kf1 Rxe6 42. Ra7 Rc6 43. Ke2 Rc1 44. Rxa3 Rxb1 45. Rb3 Rg1 46. Kf2 b1Q 0-1

[Event "MetroWest CC Summer op"]
[Site "Natick"]
[Date "2004.??.??"]
[Round "2"]
[White "Pellows, Bennet"]
[Black "Harris, David"]
[Result "0-1"]
[WhiteElo "1605"]
[BlackElo "2175"]
[PlyCount "54"]
[EventDate "2004.??.??"]
[EventType "swiss"]
[EventRounds "5"]
[EventCountry "USA"]
[SourceTitle "EXT 2007"]
[Source "ChessBase"]
[SourceDate "2006.11.23"]
[SourceVersion "1"]
[SourceVersionDate "2006.11.23"]
[SourceQuality "1"]

1. d4 c5 2. c3 e6 3. Nf3 h6 4. Bf4 cxd4 5. Nxd4 d6 6. Bg3 e5 7. Nf3 Nf6 8. Nbd2 Nc6 9. e3 g5 10. h3 g4 11. hxg4 Bxg4 12. Qb3 Qc7 13. Rd1 e4 14. Bh4 exf3 15. gxf3 Be6 16. Bc4 Na5 17. Qc2 Nxc4 18. Bxf6 Rg8 19. Ne4 d5 20. Rd4 dxe4 21. Qa4+ Qc6 22. Qd1 Be7 23. Bxe7 Kxe7 24. Rxe4 Nxb2 25. Qd4 Rad8 26. Qb4+ Qd6 27. Rxh6 Nd3+ 0-1

[Event "MetroWest CC Spring op"]
[Site "Natick"]
[Date "2004.??.??"]
[Round "4"]
[White "Penta, Jeff"]
[Black "Harris, David"]
[Result "0-1"]
[WhiteElo "1915"]
[BlackElo "2175"]
[PlyCount "90"]
[EventDate "2004.??.??"]
[EventType "swiss"]
[EventRounds "4"]
[EventCountry "USA"]
[SourceTitle "EXT 2007"]
[Source "ChessBase"]
[SourceDate "2006.11.23"]
[SourceVersion "1"]
[SourceVersionDate "2006.11.23"]
[SourceQuality "1"]

1. e4 c5 2. Nf3 d6 3. Nc3 Nc6 4. Bb5 Bd7 5. 0-0 e6 6. d4 cxd4 7. Nxd4 Nxd4 8. Qxd4 Bxb5 9. Nxb5 a6 10. Nc3 Qc7 11. Bg5 h6 12. Bh4 Ne7 13. Bxe7 Qxe7 14. Rfe1 Qc7 15. Rad1 Rc8 16. e5 dxe5 17. Rxe5 Be7 18. Qa4+ Qc6 19. Qxc6+ Rxc6 20. Re2 Bf6 21. Red2 0-0 22. Rd7 Bxc3 23. bxc3 Rxc3 24. Rxb7 Rxc2 25. g3 Rxa2 26. Rdd7 g5 27. Kg2 Kg7 28. Ra7 Kg6 29. h3 h5 30. g4 hxg4 31. hxg4 Ra4 32. Kg3 Ra3+ 33. Kg2 Ra4 34. Kg3 a5 35. Re7 Rf4 36. Rxa5 Rc8 37. Ra3 Rc2 38. f3 Rd4 39. Ra1 Rdd2 40. Rg1 Re2 41. Re8 e5 42. Rg8+ Kf6 43. Re8 Rc3 44. Rg2 Ree3 45. Rf2 e4 0-1